| 000 | 00506nam a22001937a 4500 | ||
|---|---|---|---|
| 003 | OSt | ||
| 005 | 20140310182956.0 | ||
| 008 | 130207t xxu||||| |||| 00| 0 eng d | ||
| 020 | _a9710606247 | ||
| 050 |
_aLB 1573 _b.V712 1984 |
||
| 100 | _aVillamin, Araceli M. | ||
| 245 |
_aInnovative strategies in teaching reading. / _cVillamin, Araceli M. |
||
| 260 |
_aQuezon City : _bPhoenix, _c1984. |
||
| 300 |
_a213 p. : _c22 cm. |
||
| 521 | _aEDU | ||
| 562 | _e1 | ||
| 942 |
_2lcc _cBK _kLOC |
||
| 999 |
_c18010 _d18010 |
||